000 00365nam a2200133Ia 4500
008 231129s1997||||xx |||||||||||||| ||spa||
020 _a958-33-0700-9
040 _bspa
082 _aR 759.9861 L943L
245 0 _aLucy Tejada: Su obra 1947 - 1997
260 _c1997
264 _aColombia (Cali): Feriva
942 _2ddc
_cBKS
999 _c20160
_d20160